[Event "Junior Online 4NCL Division 4"]
[Site "online"]
[Date "2020.09.17"]
[Round "3.187"]
[White "Sawyer, Charlie"]
[Black "Dhaliwal, Simrun Kaur"]
[Result "0-1"]
[WhiteElo "925"]
[BlackElo "940"]
[PlyCount "58"]
[EventDate "2020.09.17"]
[WhiteTeam "Muswell Hill Knights"]
[BlackTeam "May The Fork Be With You 8"]

1. e4 e5 2. Nf3 Nc6 3. Nc3 Nf6 4. Bc4 Nxe4 5. Nxe4 d5 6. Bd3 dxe4 7. Bxe4 Bc5
8. b3 Bg4 9. Bb2 O-O 10. h3 Bh5 11. g4 Bg6 12. Bxg6 fxg6 13. Qe2 Qd7 14. O-O-O
Rae8 15. Nxe5 Nxe5 16. Bxe5 Ba3+ 17. Kb1 Qd5 18. d4 Bd6 19. Qd3 Bxe5 20. dxe5
Qxd3 21. Rxd3 Rxe5 22. Rg3 Rxf2 23. h4 Ree2 24. g5 Rxc2 25. a4 Rb2+ 26. Kc1
Rfc2+ 27. Kd1 Rd2+ 28. Ke1 Rdc2 29. h5 Rc1# 0-1

[Event "Junior Online 4NCL Division 4"]
[Site "online"]
[Date "2020.09.17"]
[Round "3.188"]
[White "Subramonian, Ananya"]
[Black "Gold, Jonah"]
[Result "1-0"]
[WhiteElo "887"]
[BlackElo "900"]
[PlyCount "119"]
[EventDate "2020.09.17"]
[WhiteTeam "May The Fork Be With You 8"]
[BlackTeam "Muswell Hill Knights"]

1. e4 e5 2. Nf3 Nc6 3. Nc3 Nf6 4. Bb5 Bc5 5. Nxe5 Nxe5 6. d4 Bxd4 7. Qxd4 O-O
8. Qxe5 d6 9. Qg3 Bg4 10. O-O Qc8 11. Bc4 Nh5 12. Qh4 g6 13. h3 Be6 14. Bxe6
Qxe6 15. Bh6 Rfe8 16. Nb5 Rac8 17. a4 Qxe4 18. Qg5 Re5 19. Qd2 c6 20. Nxd6 Rd5
21. Nxe4 Rxd2 22. Bxd2 Rd8 23. Bg5 Re8 24. Nd6 Re6 25. Bf4 Nxf4 26. Nxb7 Re7
27. Na5 Re6 28. b4 Re2 29. Rfe1 Rxc2 30. Nxc6 Rxc6 31. Rad1 Rc4 32. Re8+ Kg7
33. Rb8 Ne2+ 34. Kf1 Nc3 35. Rd7 Ne4 36. Rxa7 Nd6 37. a5 Kf6 38. a6 Ke6 39. b5
Rc1+ 40. Ke2 Rc2+ 41. Kd3 Rc4 42. b6 Rb4 43. b7 Rb3+ 44. Kd4 Nb5+ 45. Kc5 Nxa7
46. Re8+ Kd7 47. b8=Q Rxb8 48. Rxb8 Nc8 49. Rxc8 Kxc8 50. Kb6 Kb8 51. Kc6 Ka8
52. Kb6 f5 53. a7 f4 54. f3 g5 55. g4 h6 56. Ka6 h5 57. gxh5 g4 58. h6 gxf3 59.
h7 f2 60. h8=Q# 1-0

[Event "Junior Online 4NCL Division 4"]
[Site "online"]
[Date "2020.09.17"]
[Round "3.191"]
[White "Payne, Luca"]
[Black "Kumar, Shaurya"]
[Result "1-0"]
[WhiteElo "1007"]
[BlackElo "925"]
[PlyCount "69"]
[EventDate "2020.09.17"]
[WhiteTeam "The Hall 3"]
[BlackTeam "Uxbridge Juniors C"]

1. e4 e5 2. Nf3 Nc6 3. Bc4 Bc5 4. d3 h6 5. Nc3 Nf6 6. Nd5 d6 7. h3 Nd4 8. Nxd4
Bxd4 9. Be3 Bxb2 10. Rb1 Bd4 11. O-O Bxe3 12. Nxf6+ Qxf6 13. fxe3 Qg5 14. Bxf7+
Kd8 15. Qf3 Rf8 16. d4 Be6 17. dxe5 Rxf7 18. Qe2 Rxf1+ 19. Qxf1 dxe5 20. Qf8+
Kd7 21. Qxa8 Bxh3 22. Rd1+ Ke6 23. Qc8+ Kf7 24. Qxh3 g6 25. Rd7+ Kf6 26. Rxc7
Qh5 27. Qxh5 gxh5 28. Rxb7 Kg5 29. Rxa7 Kg4 30. Rh7 Kg5 31. Kh2 Kg6 32. Re7 h4
33. Rxe5 h5 34. Kh3 Kf6 35. Rxh5 1-0

[Event "Junior Online 4NCL Division 4"]
[Site "online"]
[Date "2020.09.17"]
[Round "3.192"]
[White "Bommi, Praneeth"]
[Black "O'Connor, Caolon"]
[Result "1-0"]
[WhiteElo "887"]
[BlackElo "1075"]
[PlyCount "71"]
[EventDate "2020.09.17"]
[WhiteTeam "Uxbridge Juniors C"]
[BlackTeam "The Hall 3"]

1. e3 e5 2. b3 Nf6 3. Bb2 Nc6 4. Nf3 b6 5. Nxe5 Nxe5 6. Bxe5 Bd6 7. Bb2 Bb7 8.
Nc3 Ne4 9. Nb5 c6 10. Nxd6+ Nxd6 11. Qf3 Qb8 12. Qg3 c5 13. Qxg7 Rf8 14. Be5
Qc7 15. Qxh7 O-O-O 16. Qh6 Rh8 17. Bxh8 Rxh8 18. Qxh8+ Qd8 19. Qh6 Nf5 20. Qf4
Nh4 21. Qxf7 Bxg2 22. Bxg2 Nxg2+ 23. Kf1 Nh4 24. Rg1 Qc7 25. Rg8+ Kb7 26. Qd5+
Ka6 27. Qc4+ b5 28. Qxh4 Qc6 29. Ke2 Qd6 30. Rag1 Qe5 31. Qh6+ Ka5 32. R8g5 Qc7
33. Qf8 d6 34. Rg7 Qc6 35. Rxa7+ Kb4 36. a3# 1-0

[Event "Junior Online 4NCL Division 4"]
[Site "online"]
[Date "2020.09.17"]
[Round "3.194"]
[White "Sander, Daniel"]
[Black "Litvin, Theo"]
[Result "0-1"]
[WhiteElo "700"]
[BlackElo "760"]
[PlyCount "46"]
[EventDate "2020.09.17"]
[WhiteTeam "Uxbridge Juniors C"]
[BlackTeam "The Hall 3"]

1. e4 e5 2. Nf3 Bc5 3. Nc3 Nf6 4. Nxe5 Nc6 5. Nf3 Ng4 6. Bc4 Nxf2 7. Qe2 Nxh1
8. d3 Nd4 9. Bg5 Nxf3+ 10. Qxf3 Qxg5 11. Bxf7+ Kd8 12. Bh5 Qh4+ 13. g3 Qxh2 14.
O-O-O Qxg3 15. Rxh1 Bd6 16. Qf5 Bf4+ 17. Kb1 Qg2 18. Rd1 Bd6 19. Nd5 Rf8 20.
Qg4 Qh2 21. Qh4+ Qxh4 22. Ne3 Qxh5 23. Nd5 Qxd1# 0-1

[Event "Junior Online 4NCL Division 4"]
[Site "online"]
[Date "2020.09.17"]
[Round "3.195"]
[White "Kumar, Shaurya"]
[Black "Payne, Luca"]
[Result "1-0"]
[WhiteElo "925"]
[BlackElo "1007"]
[PlyCount "57"]
[EventDate "2020.09.17"]
[WhiteTeam "Uxbridge Juniors C"]
[BlackTeam "The Hall 3"]

1. e4 e5 2. Nf3 Nc6 3. Bc4 Bc5 4. c3 d6 5. d4 exd4 6. cxd4 Bb4+ 7. Bd2 Bxd2+ 8.
Nbxd2 Bg4 9. Qb3 Qf6 10. Qxb7 Rb8 11. Qxc6+ Bd7 12. Qxc7 Rxb2 13. Qxa7 Qh6 14.
Qa8+ Ke7 15. Qa3 Rc2 16. Qb3 Ba4 17. Qxa4 Rb2 18. Qa3 Rb6 19. Qa7+ Ke8 20. Qxb6
Nf6 21. Bb5+ Ke7 22. Qc7+ Ke6 23. d5+ Nxd5 24. exd5+ Kxd5 25. Qc6+ Ke6 26. Nd4+
Ke5 27. Qe4+ Kf6 28. Qf3+ Ke7 29. Nf5+ 1-0

[Event "Junior Online 4NCL Division 4"]
[Site "online"]
[Date "2020.09.17"]
[Round "3.196"]
[White "O'Connor, Caolon"]
[Black "Bommi, Praneeth"]
[Result "0-1"]
[WhiteElo "1075"]
[BlackElo "887"]
[PlyCount "33"]
[EventDate "2020.09.17"]
[WhiteTeam "The Hall 3"]
[BlackTeam "Uxbridge Juniors C"]

1. e3 e6 2. b3 b6 3. Bb2 Bb7 4. Be2 Bxg2 5. Bb5 Bxh1 6. Nf3 a6 7. Be2 Nh6 8. d3
Bb4+ 9. Bc3 Bxc3+ 10. Nxc3 Qf6 11. Qd2 Bxf3 12. Bxf3 Qxf3 13. Ne4 Qh1+ 14. Ke2
Qxa1 15. Qc3 Qxc3 16. Nxc3 Ng4 17. h3 0-1

[Event "Junior Online 4NCL Division 4"]
[Site "online"]
[Date "2020.09.17"]
[Round "3.201"]
[White "Spitz, Danny"]
[Black "Bogerd, Ethan"]
[Result "1-0"]
[WhiteElo "900"]
[BlackElo "1187"]
[PlyCount "61"]
[EventDate "2020.09.17"]
[WhiteTeam "Coldfall Bishops"]
[BlackTeam "Surbiton Juniors D"]

1. e4 c6 2. d4 d5 3. e5 Bf5 4. Nc3 e6 5. Nf3 h6 6. Bd3 Bxd3 7. Qxd3 Bb4 8. a3
Ba5 9. b4 Bc7 10. Bd2 Ne7 11. O-O-O O-O 12. Rhg1 Nf5 13. g4 Ne7 14. g5 Nf5 15.
gxh6 Re8 16. hxg7 b5 17. h4 Nd7 18. h5 Nb6 19. h6 Nc4 20. Rh1 f6 21. h7+ Kxg7
22. exf6+ Kxf6 23. Bg5+ Kg6 24. Bxd8 Raxd8 25. Nh4+ Kg7 26. Nxf5+ exf5 27.
Rdg1+ Kh8 28. Qxf5 Rf8 29. Qg4 Bf4+ 30. Kd1 Be3 31. Qg7# 1-0

[Event "Junior Online 4NCL Division 4"]
[Site "online"]
[Date "2020.09.17"]
[Round "3.202"]
[White "Bredenoord, Conrad"]
[Black "Balint-Kurti, Raphael"]
[Result "0-1"]
[WhiteElo "1105"]
[BlackElo "977"]
[PlyCount "50"]
[EventDate "2020.09.17"]
[WhiteTeam "Surbiton Juniors D"]
[BlackTeam "Coldfall Bishops"]

1. e4 e5 2. Nf3 Nc6 3. Bc4 Bc5 4. b4 Nxb4 5. Nxe5 Qh4 6. O-O Qxe4 7. Re1 Qf5 8.
Bxf7+ Kf8 9. Qe2 Nxc2 10. Ng6+ Kxf7 11. Qe8+ Kf6 12. Bb2+ Kg5 13. Re5 Bxf2+ 14.
Kh1 d6 15. Rxf5+ Bxf5 16. Qxa8 hxg6 17. Bxg7 Rh4 18. Qxg8 Nxa1 19. Qd8+ Kh5 20.
Qh8+ Kg4 21. h3+ Kg3 22. Bh6 Re4 23. Qc3+ Kh4 24. Qf6+ Kg3 25. Qg5+ Bg4 0-1

[Event "Junior Online 4NCL Division 4"]
[Site "online"]
[Date "2020.09.17"]
[Round "3.203"]
[White "Haga, Xander"]
[Black "Rabie, Jamie"]
[Result "1-0"]
[WhiteElo "857"]
[BlackElo "1112"]
[PlyCount "81"]
[EventDate "2020.09.17"]
[WhiteTeam "Coldfall Bishops"]
[BlackTeam "Surbiton Juniors D"]

1. e4 e5 2. Nf3 Nc6 3. Bc4 h6 4. Nc3 Bb4 5. a3 Bxc3 6. dxc3 Nf6 7. Bd3 d6 8. h3
Be6 9. O-O O-O 10. Be3 Qd7 11. Bb5 a6 12. Bxc6 Qxc6 13. Nd2 Qd7 14. Kh2 Rfe8
15. c4 c6 16. b3 d5 17. exd5 cxd5 18. cxd5 Nxd5 19. Nb1 Rad8 20. c4 Nxe3 21.
Qxd7 Bxd7 22. fxe3 f6 23. Nc3 g5 24. Rfd1 Bf5 25. Rxd8 Rxd8 26. Rf1 Bc2 27. b4
Kg7 28. Rc1 Bb3 29. c5 Be6 30. g4 Kg6 31. e4 Rd2+ 32. Kg1 Rb2 33. Na4 Ra2 34.
Rc3 h5 35. gxh5+ Kxh5 36. Nb6 Bc8 37. Nxc8 Kg6 38. Nd6 Ra1+ 39. Kg2 Ra2+ 40.
Kg3 Kh5 41. Nxb7 1-0

[Event "Junior Online 4NCL Division 4"]
[Site "online"]
[Date "2020.09.17"]
[Round "3.204"]
[White "de Villiers, Emily"]
[Black "Minhas, Salar"]
[Result "0-1"]
[WhiteElo "1037"]
[BlackElo "880"]
[PlyCount "36"]
[EventDate "2020.09.17"]
[WhiteTeam "Surbiton Juniors D"]
[BlackTeam "Coldfall Bishops"]

1. e4 e5 2. Nf3 Nc6 3. Bb5 a6 4. Bxc6 bxc6 5. O-O Bc5 6. c3 d6 7. d4 exd4 8.
cxd4 Bb6 9. e5 dxe5 10. dxe5 Qxd1 11. Rxd1 f6 12. exf6 Nxf6 13. Bg5 h6 14. Bxf6
gxf6 15. Nd4 Bxd4 16. Rxd4 O-O 17. Rc4 Re8 18. Rxc6 Re1# 0-1

[Event "Junior Online 4NCL Division 4"]
[Site "online"]
[Date "2020.09.17"]
[Round "3.205"]
[White "Bogerd, Ethan"]
[Black "Spitz, Danny"]
[Result "0-1"]
[WhiteElo "1187"]
[BlackElo "900"]
[PlyCount "60"]
[EventDate "2020.09.17"]
[WhiteTeam "Surbiton Juniors D"]
[BlackTeam "Coldfall Bishops"]

1. d4 Nf6 2. Nf3 g6 3. g3 Bg7 4. Bg2 O-O 5. O-O d5 6. Nc3 Bg4 7. Ne5 Bf5 8. a3
Nbd7 9. Bf4 Nxe5 10. Bxe5 Rc8 11. Qd2 c5 12. Nb5 cxd4 13. Nxa7 Rxc2 14. Qd1
Rxb2 15. Bf3 Qa5 16. Bxd4 Rd2 17. Qe1 Bh6 18. e3 Qb5 19. Nxb5 Rc2 20. Rc1 Ra2
21. Qc3 Bh3 22. Rfd1 Ne4 23. Bxe4 dxe4 24. Bb6 Bg7 25. Qc7 e6 26. Rd8 Rxd8 27.
Qxd8+ Bf8 28. Rc8 Ra1+ 29. Rc1 Rxc1+ 30. Qd1 Rxd1# 0-1

[Event "Junior Online 4NCL Division 4"]
[Site "online"]
[Date "2020.09.17"]
[Round "3.207"]
[White "Rabie, Jamie"]
[Black "Haga, Xander"]
[Result "0-1"]
[WhiteElo "1112"]
[BlackElo "857"]
[PlyCount "34"]
[EventDate "2020.09.17"]
[WhiteTeam "Surbiton Juniors D"]
[BlackTeam "Coldfall Bishops"]

1. e4 e5 2. Nf3 Nc6 3. Nc3 Bc5 4. Bb5 d6 5. Bxc6+ bxc6 6. O-O Ba6 7. d3 Nf6 8.
Bd2 O-O 9. Qe2 d5 10. exd5 cxd5 11. Nxe5 Re8 12. Bf4 Bd6 13. Rfe1 d4 14. Ne4
Bxe5 15. Bxe5 Rxe5 16. h3 Nxe4 17. dxe4 Bxe2 0-1

[Event "Junior Online 4NCL Division 4"]
[Site "online"]
[Date "2020.09.17"]
[Round "3.208"]
[White "Minhas, Salar"]
[Black "de Villiers, Emily"]
[Result "1-0"]
[WhiteElo "880"]
[BlackElo "1037"]
[PlyCount "23"]
[EventDate "2020.09.17"]
[WhiteTeam "Coldfall Bishops"]
[BlackTeam "Surbiton Juniors D"]

1. e4 e5 2. Bc4 Nh6 3. d3 Bb4+ 4. c3 Ba5 5. b4 Bb6 6. Bxh6 gxh6 7. Qf3 Rf8 8.
Nd2 d6 9. h3 h5 10. g4 hxg4 11. hxg4 Rg8 12. Qxf7# 1-0

[Event "Junior Online 4NCL Division 4"]
[Site "online"]
[Date "2020.09.17"]
[Round "3.211"]
[White "Bass, Finn"]
[Black "Balakrishnan, Akshata"]
[Result "1-0"]
[WhiteElo "812"]
[BlackElo "700"]
[PlyCount "55"]
[EventDate "2020.09.17"]
[WhiteTeam "Rhodes Avenue Rooks"]
[BlackTeam "Watford Juniors F"]

1. e4 e5 2. Nc3 Nc6 3. Nf3 Nf6 4. Bc4 Bc5 5. d3 d6 6. Be3 Bg4 7. Bxc5 dxc5 8.
Bb5 Bxf3 9. gxf3 O-O 10. Nd5 Nxd5 11. exd5 Qd6 12. dxc6 bxc6 13. Ba6 Qe7 14.
Bb7 Qd8 15. Bxa8 Qxa8 16. Rg1 e4 17. fxe4 Qe8 18. Rg4 h5 19. Rg5 f6 20. Rxc5 a6
21. Rxh5 g6 22. Rh6 Kg7 23. Rh3 Kg8 24. f4 g5 25. fxg5 fxg5 26. Rh5 Qa8 27.
Rxg5+ Kh8 28. Qh5# 1-0

[Event "Junior Online 4NCL Division 4"]
[Site "online"]
[Date "2020.09.17"]
[Round "3.213"]
[White "Balsys, Leo"]
[Black "Naren, Riya"]
[Result "1-0"]
[WhiteElo "875"]
[BlackElo "700"]
[PlyCount "71"]
[EventDate "2020.09.17"]
[WhiteTeam "Rhodes Avenue Rooks"]
[BlackTeam "Watford Juniors F"]

1. e4 e5 2. d3 Nc6 3. Nd2 Nf6 4. Ngf3 d5 5. g3 dxe4 6. dxe4 Nd5 7. exd5 Na5 8.
Bg2 c6 9. Qe2 cxd5 10. Qxe5+ Be7 11. Qxg7 Rf8 12. Ne5 f6 13. Ng6 d4 14. Nxf8 d3
15. Ne6 dxc2 16. Nxd8 b5 17. Qf7+ Kxd8 18. Bxa8 Nc6 19. Bxc6 b4 20. Qe8+ Kc7
21. Qxe7+ Kxc6 22. O-O a5 23. Re1 a4 24. Re4 a3 25. Rc4+ Kb5 26. Qc5+ Ka4 27.
Qa7+ Kb5 28. Re4 axb2 29. Qb8+ Kc6 30. Rc4+ Kd5 31. Qb5+ Kd6 32. Rd4+ Kc7 33.
Qc5+ Kb8 34. Rxb4+ Ka8 35. Qa5+ Ba6 36. Qxa6# 1-0

[Event "Junior Online 4NCL Division 4"]
[Site "online"]
[Date "2020.09.17"]
[Round "3.215"]
[White "Balakrishnan, Akshata"]
[Black "Bass, Finn"]
[Result "0-1"]
[WhiteElo "700"]
[BlackElo "812"]
[PlyCount "66"]
[EventDate "2020.09.17"]
[WhiteTeam "Watford Juniors F"]
[BlackTeam "Rhodes Avenue Rooks"]

1. e4 e5 2. Nf3 Nc6 3. Nc3 Nf6 4. Bb5 Bc5 5. O-O d6 6. h4 Bg4 7. Ng5 Bxd1 8.
Rxd1 O-O 9. Nf3 Nd4 10. Nxd4 Bxd4 11. Na4 a6 12. Bxa6 bxa6 13. c3 Bc5 14. d4
Ba7 15. dxe5 dxe5 16. Rf1 Qd3 17. Re1 Qc2 18. Bg5 Ng4 19. h5 Qxf2+ 20. Kh1 Ne3
21. g4 Nc2 22. Rac1 Nxe1 23. Rxe1 Qxe1+ 24. Kh2 Qxe4 25. Kh3 Qxa4 26. b3 Qe4
27. Bc1 Qh1+ 28. Kg3 Qxc1 29. Kf3 Qe3+ 30. Kg2 Rfd8 31. Kf1 Rd2 32. g5 Qe4 33.
g6 Qh1# 0-1

[Event "Junior Online 4NCL Division 4"]
[Site "online"]
[Date "2020.09.17"]
[Round "3.217"]
[White "Naren, Riya"]
[Black "Balsys, Leo"]
[Result "0-1"]
[WhiteElo "700"]
[BlackElo "875"]
[PlyCount "80"]
[EventDate "2020.09.17"]
[WhiteTeam "Watford Juniors F"]
[BlackTeam "Rhodes Avenue Rooks"]

1. e4 e5 2. Nf3 Nf6 3. Nxe5 Nxe4 4. f3 Nf6 5. Bc4 d5 6. Bf1 Bd6 7. Nd3 Qe7+ 8.
Qe2 Qxe2+ 9. Kxe2 O-O 10. Ke1 Re8+ 11. Kd1 Nc6 12. f4 Bg4+ 13. Be2 Rxe2 14. h3
Bh5 15. g4 Rg2 16. Ne1 Bxg4+ 17. hxg4 Ne4 18. Nxg2 Ng3 19. Rg1 Re8 20. d4 Nxd4
21. c4 Nf3 22. b4 Nxg1 23. a4 Bxb4 24. Ne1 Rxe1+ 25. Kc2 dxc4 26. Bd2 Re2 27.
Kc1 c3 28. Ra3 cxd2+ 29. Kd1 Bxa3 30. a5 Bb2 31. Kc2 d1=Q+ 32. Kxd1 Rg2 33. Nd2
c5 34. Kc2 c4 35. Kxb2 Rxd2+ 36. Ka3 c3 37. Kb4 c2 38. Kc4 c1=Q+ 39. Kb5 Rb2+
40. Ka4 Qa1# 0-1

[Event "Junior Online 4NCL Division 4"]
[Site "online"]
[Date "2020.09.17"]
[Round "3.221"]
[White "O'Donnell, Elliot"]
[Black "Querfurth Waterman, Maya"]
[Result "1-0"]
[WhiteElo "1247"]
[BlackElo "850"]
[PlyCount "71"]
[EventDate "2020.09.17"]
[WhiteTeam "Barnet Knights D"]
[BlackTeam "Eden Primary Knights"]

1. d4 e5 2. dxe5 Bc5 3. Nf3 d6 4. exd6 cxd6 5. Bg5 f6 6. Bd2 Bg4 7. h3 Bh5 8.
Nc3 f5 9. e3 Nc6 10. Be2 Nf6 11. O-O O-O 12. a3 Qe7 13. b4 Bb6 14. Na4 Rfe8 15.
Nxb6 axb6 16. c3 Nd5 17. Qb3 g5 18. Qxd5+ Kh8 19. c4 Nb8 20. Bc3+ Qg7 21. Bxg7+
Kxg7 22. Qxb7+ Kf8 23. Qxa8 Nd7 24. Qc6 Nb8 25. Qxd6+ Re7 26. Qxb8+ Re8 27.
Qxb6 Re7 28. c5 Be8 29. c6 Bxc6 30. Qxc6 Kf7 31. Nxg5+ Kg7 32. Ne6+ Kf7 33. Nf4
Rd7 34. Qxd7+ Kf8 35. Ne6+ Kg8 36. Qg7# 1-0

[Event "Junior Online 4NCL Division 4"]
[Site "online"]
[Date "2020.09.17"]
[Round "3.222"]
[White "Book, Zachery"]
[Black "Bruhn, Jonas"]
[Result "0-1"]
[WhiteElo "850"]
[BlackElo "1210"]
[PlyCount "108"]
[EventDate "2020.09.17"]
[WhiteTeam "Eden Primary Knights"]
[BlackTeam "Barnet Knights D"]

1. e4 e5 2. Nf3 Nc6 3. Nc3 Bc5 4. d4 Bb6 5. b4 d6 6. Bb5 Nge7 7. O-O a6 8. Bc4
O-O 9. Nxe5 dxe5 10. dxe5 Qxd1 11. Rxd1 Nxe5 12. Be2 Bg4 13. Bxg4 Nxg4 14. h3
Nxf2 15. Na4 Nxd1+ 16. Be3 Bxe3+ 17. Kh2 Bf4+ 18. Kh1 Rfd8 19. g3 Bxg3 20. Kg2
Be1 21. Nc5 Bc3 22. Rb1 Ne3+ 23. Kf3 Nxc2 24. Nxb7 Rd3+ 25. Ke2 Re3+ 26. Kd1
Rd3+ 27. Kxc2 Rxh3 28. Rf1 Ra7 29. Nd8 Bxb4 30. Rxf7 Rh2+ 31. Kb3 Nc6 32. a3
Bd2 33. Rf1 Nxd8 34. Kc4 Ne6 35. Kd5 Rh6 36. e5 c5 37. Kc4 Rh4+ 38. Kd5 Nc7+
39. Kxc5 Be3+ 40. Kc6 Rc4+ 41. Kd7 Nd5+ 42. Ke6 Nf4+ 43. Kd6 Rd4+ 44. Kc6 a5
45. Kb5 a4 46. Kb6 Rd1+ 47. Kb5 Rxf1 48. e6 Rb1+ 49. Kc6 Ra6+ 50. Kd7 Rxe6 51.
Kd8 Rb7 52. Kc8 Rf7 53. Kd8 Ra6 54. Kc8 Ra8# 0-1

[Event "Junior Online 4NCL Division 4"]
[Site "online"]
[Date "2020.09.17"]
[Round "3.223"]
[White "Rowland, Benjamin"]
[Black "Ackerman, Jesse"]
[Result "1-0"]
[WhiteElo "1142"]
[BlackElo "850"]
[PlyCount "33"]
[EventDate "2020.09.17"]
[WhiteTeam "Barnet Knights D"]
[BlackTeam "Eden Primary Knights"]

1. e4 e5 2. f4 exf4 3. Nf3 Bc5 4. d4 Bb6 5. Bxf4 d5 6. exd5 Ke7 7. Qe2+ Kf8 8.
Ng5 f6 9. Ne6+ Bxe6 10. Qxe6 Nd7 11. Bc4 Ba5+ 12. c3 f5 13. d6 Qh4+ 14. g3 Qh5
15. O-O Nh6 16. Qxd7 Ng4 17. Qe7# 1-0

[Event "Junior Online 4NCL Division 4"]
[Site "online"]
[Date "2020.09.17"]
[Round "3.224"]
[White "Lasserson, Gabriel"]
[Black "Gardner, Zac"]
[Result "0-1"]
[WhiteElo "800"]
[BlackElo "1217"]
[PlyCount "42"]
[EventDate "2020.09.17"]
[WhiteTeam "Eden Primary Knights"]
[BlackTeam "Barnet Knights D"]

1. e4 e5 2. Bc4 Nf6 3. Nc3 Nc6 4. Nf3 Nxe4 5. Nxe4 d5 6. d3 dxe4 7. dxe4 Qxd1+
8. Kxd1 Bg4 9. h3 O-O-O+ 10. Bd5 Bxf3+ 11. gxf3 Nb4 12. Bd2 Nxd5 13. exd5 Rxd5
14. c4 Rd4 15. Re1 Bb4 16. Ke2 Bxd2 17. Rec1 Bxc1 18. Rxc1 Rhd8 19. Rd1 Rxd1
20. Ke3 R8d6 21. c5 Re1# 0-1

[Event "Junior Online 4NCL Division 4"]
[Site "online"]
[Date "2020.09.17"]
[Round "3.225"]
[White "Querfurth Waterman, Maya"]
[Black "O'Donnell, Elliot"]
[Result "0-1"]
[WhiteElo "850"]
[BlackElo "1247"]
[PlyCount "78"]
[EventDate "2020.09.17"]
[WhiteTeam "Eden Primary Knights"]
[BlackTeam "Barnet Knights D"]

1. e4 c5 2. Bc4 Nc6 3. Qh5 e6 4. Nf3 Nf6 5. Qh4 Nb4 6. c3 Nc2+ 7. Kf1 Nxa1 8.
b3 Nxb3 9. Ba3 Na5 10. Ne1 Be7 11. Nd3 b6 12. Qg3 O-O 13. h4 Nxe4 14. Qe3 Nd6
15. Rh3 Naxc4 16. Rf3 Nxe3+ 17. Ke2 Nd5 18. Nf4 Nxf4+ 19. Rxf4 Bxh4 20. g3 Bg5
21. Rg4 Nf5 22. Rh4 Nxh4 23. gxh4 Bxh4 24. d4 d6 25. dxc5 dxc5 26. Bc1 Bb7 27.
c4 Qf6 28. Nc3 Qxc3 29. Bd2 Qf3+ 30. Ke1 Qxf2+ 31. Kd1 Bf3+ 32. Kc2 Bg5 33. Kb2
Qxd2+ 34. Ka3 Qc3+ 35. Ka4 Bd1+ 36. Kb5 Qb4+ 37. Kc6 Rfc8+ 38. Kb7 Bf3+ 39. Ka6
Qa5# 0-1

[Event "Junior Online 4NCL Division 4"]
[Site "online"]
[Date "2020.09.17"]
[Round "3.226"]
[White "Bruhn, Jonas"]
[Black "Book, Zachery"]
[Result "1-0"]
[WhiteElo "1210"]
[BlackElo "850"]
[PlyCount "31"]
[EventDate "2020.09.17"]
[WhiteTeam "Barnet Knights D"]
[BlackTeam "Eden Primary Knights"]

1. d4 c6 2. Bf4 g5 3. Bxg5 f6 4. Bf4 e5 5. dxe5 fxe5 6. Bxe5 d6 7. Bxh8 d5 8.
Qd3 Bb4+ 9. c3 Bd6 10. Qe3+ Be6 11. Qxe6+ Ne7 12. e3 a5 13. Bd3 Nd7 14. Bxh7
Ra6 15. Bg6+ Kf8 16. Qf7# 1-0

[Event "Junior Online 4NCL Division 4"]
[Site "online"]
[Date "2020.09.17"]
[Round "3.227"]
[White "Ackerman, Jesse"]
[Black "Rowland, Benjamin"]
[Result "0-1"]
[WhiteElo "850"]
[BlackElo "1142"]
[PlyCount "60"]
[EventDate "2020.09.17"]
[WhiteTeam "Eden Primary Knights"]
[BlackTeam "Barnet Knights D"]

1. e4 c6 2. d4 d5 3. exd5 cxd5 4. Nc3 Nf6 5. Bg5 e6 6. Bb5+ Bd7 7. Bf1 Bb4 8.
Bxf6 Qxf6 9. Nh3 e5 10. Bc4 dxc4 11. O-O exd4 12. Kh1 dxc3 13. Re1+ Be6 14. Re3
cxb2 15. Rb1 Nc6 16. c3 Bxc3 17. a4 O-O 18. Rg3 Bf5 19. Nf4 Bxb1 20. Nd5 Qxf2
21. Nxc3 Bc2 22. Qg1 Qxg1+ 23. Kxg1 Be4 24. h4 Rad8 25. h5 Rd2 26. h6 g6 27.
Nxe4 b1=Q+ 28. Kh2 Qxe4 29. Rxg6+ Qxg6 30. a5 Qxg2# 0-1

[Event "Junior Online 4NCL Division 4"]
[Site "online"]
[Date "2020.09.17"]
[Round "3.228"]
[White "Gardner, Zac"]
[Black "Lasserson, Gabriel"]
[Result "1-0"]
[WhiteElo "1217"]
[BlackElo "800"]
[PlyCount "81"]
[EventDate "2020.09.17"]
[WhiteTeam "Barnet Knights D"]
[BlackTeam "Eden Primary Knights"]

1. e4 e5 2. Nf3 d6 3. h3 Nf6 4. Bc4 Qd7 5. Nc3 Be7 6. d3 O-O 7. Nd5 Nxd5 8.
Bxd5 c6 9. Bb3 b5 10. Ng5 Bxg5 11. Bxg5 h6 12. Be3 Kh7 13. Qf3 Qe7 14. Qg3 Be6
15. c4 g5 16. O-O d5 17. exd5 cxd5 18. cxd5 Bf5 19. Bd2 g4 20. hxg4 Qg5 21.
Bxg5 hxg5 22. gxf5 Rg8 23. Qh3+ Kg7 24. Qh5 Rh8 25. Qxg5+ Kh7 26. d6 Nd7 27.
Qh5+ Kg7 28. Qxf7+ Kh6 29. Qxd7 Rad8 30. Qe7 Rde8 31. Qf6+ Kh7 32. d7 Rd8 33.
Be6 Rhf8 34. Qe7+ Kh8 35. f6 Rfe8 36. dxe8=Q+ Rxe8 37. Qxe8+ Kh7 38. f7 Kg7 39.
f8=Q+ Kh7 40. Qg8+ Kh6 41. Qeg6# 1-0

[Event "Junior Online 4NCL Division 4"]
[Site "online"]
[Date "2020.09.17"]
[Round "3.231"]
[White "Toth, Nandor"]
[Black "Allen, Sonny"]
[Result "1-0"]
[WhiteElo "1172"]
[BlackElo "1142"]
[PlyCount "63"]
[EventDate "2020.09.17"]
[WhiteTeam "St James Primary"]
[BlackTeam "Barnet Knights E"]

1. e4 e5 2. Nf3 Nc6 3. Nc3 Nf6 4. Bb5 Bb4 5. Bxc6 bxc6 6. Nxe5 Bxc3 7. dxc3 O-O
8. Bg5 d6 9. Nxc6 Qe8 10. Bxf6 Qxc6 11. Bg5 Qxe4+ 12. Kf1 Bh3 13. Rg1 Qc4+ 14.
Qe2 Qxe2+ 15. Kxe2 Rae8+ 16. Kd3 Bf5+ 17. Kd2 f6 18. Be3 Rd8 19. Bxa7 c6 20.
Be3 d5 21. g4 Be4 22. Ke2 Bxc2 23. Kd2 Be4 24. g5 Rde8 25. gxf6 Rxf6 26. Bd4
Rf3 27. Rxg7+ Kf8 28. Rg3 Rxf2+ 29. Bxf2 Rc8 30. Bc5+ Ke8 31. a4 Ra8 32. Rg8+
1-0

[Event "Junior Online 4NCL Division 4"]
[Site "online"]
[Date "2020.09.17"]
[Round "3.232"]
[White "Khoo, Cheng Fong Winston"]
[Black "Crichton, Finlay"]
[Result "1/2-1/2"]
[WhiteElo "1090"]
[BlackElo "1105"]
[PlyCount "116"]
[EventDate "2020.09.17"]
[WhiteTeam "Barnet Knights E"]
[BlackTeam "St James Primary"]

1. d4 d5 2. c4 dxc4 3. e4 Nc6 4. Nf3 Nf6 5. Nc3 Bg4 6. Be3 e6 7. e5 Nd7 8. Bxc4
Nb6 9. Bb5 Bb4 10. a3 Bxc3+ 11. bxc3 a6 12. Bd3 O-O 13. h3 Bh5 14. O-O Na4 15.
Qxa4 b5 16. Qc2 h6 17. c4 bxc4 18. Bxc4 Bxf3 19. gxf3 Nxd4 20. Qd2 Nxf3+ 21.
Kh1 Nxd2 22. Rfd1 Qe7 23. Rxd2 f6 24. f4 fxe5 25. fxe5 Rfd8 26. Rg2 Qf7 27.
Bxh6 g6 28. Be3 Kf8 29. Rf2 Qxf2 30. Bxf2 Ke7 31. Bh4+ Kf7 32. Bxd8 Rxd8 33.
Rf1+ Ke7 34. Bxa6 Ra8 35. Bd3 g5 36. Ra1 Rh8 37. Bf1 g4 38. Kh2 gxh3 39. Bxh3
c5 40. Kg2 c4 41. Bg4 Rg8 42. Kg3 c3 43. Rc1 Rc8 44. a4 c2 45. Be2 Rc5 46. Bd3
Rc3 47. Kf2 Rxd3 48. Rxc2 Ra3 49. Rc7+ Kd8 50. Ra7 Kc8 51. Ra6 Kd7 52. Ke2 Ke7
53. Kd2 Kd7 54. Kc2 Kc7 55. Kb2 Kb7 56. Rxe6 Rxa4 57. Re7+ Kc6 58. e6 Rb4+
1/2-1/2

[Event "Junior Online 4NCL Division 4"]
[Site "online"]
[Date "2020.09.17"]
[Round "3.233"]
[White "Harle Smith, Joseph"]
[Black "Gold, Arthur"]
[Result "0-1"]
[WhiteElo "1030"]
[BlackElo "1075"]
[PlyCount "72"]
[EventDate "2020.09.17"]
[WhiteTeam "St James Primary"]
[BlackTeam "Barnet Knights E"]

1. e4 e5 2. Nf3 Nc6 3. Bc4 Bc5 4. Nc3 d6 5. h3 Nf6 6. d3 O-O 7. Bg5 h6 8. Bh4
Bd7 9. Nd5 g5 10. Bg3 Nxd5 11. Bxd5 Qf6 12. O-O Be6 13. Bxe6 Qxe6 14. h4 g4 15.
Nh2 h5 16. a3 Bd4 17. c3 Bb6 18. Kh1 Ne7 19. f3 f5 20. fxg4 fxg4 21. Rxf8+ Rxf8
22. Qe2 Ng6 23. Rf1 Rxf1+ 24. Nxf1 Qf6 25. Ne3 Nxh4 26. Nd5 Qg5 27. Nxb6 axb6
28. d4 Ng6 29. dxe5 Nxe5 30. Bxe5 Qxe5 31. Qc4+ Kf8 32. Qxc7 Qxe4 33. Qxd6+ Ke8
34. Qxb6 g3 35. Qb5+ Kd8 36. Qxh5 Qe1# 0-1